000 00488nam a22001932 4500
001 0000004975
005 20170406120244.0
008 141127s xx 000 0 eng d
020 _c$
040 _aYour Holding Symbol
_cYour Holding Symbol
100 1 _aTaylor,Martha R.
245 1 0 _aBiology.
250 _a4th ed.
260 _aNew yoprk :
_bCummings,
_c1996.
300 _a456 p. :
_bill ;
_c cm.
504 _aindex.
650 0 _abiology.
908 _a141127
999 _c4782
_d4782